| 000 | 07360nam a22006257a 4500 | ||
|---|---|---|---|
| 008 | 090120t xxu||||| |||| 00| 0 eng d | ||
| 010 | _aB-332061-092 | ||
| 020 |
_c120.00 _a9788183853729 |
||
| 035 | _aB-332061-092 | ||
| 037 | _bSuper Books | ||
| 040 |
_aDPL _bEnglish |
||
| 082 | _a597.64 | ||
| 100 | _aDhiman, Sanjay | ||
| 245 |
_aOcean world / _cby Sanjay Dhiman ; edited by Eman Chowdhary |
||
| 260 |
_aNoida _bBrijbasi Art Press Ltd. _c2006 |
||
| 270 |
_aA-81, Sector V, _bNoida _e201 301 |
||
| 300 |
_a46p. _c29cm. (Hb) _bill. |
||
| 490 | _aAmazing Animal World Series | ||
| 650 | _aOcean | ||
| 700 | _aChowdhary, Eman | ||
| 942 |
_2ddc _cCH _h597.64 _mDHI |
||
| 999 |
_c22258 _d22258 |
||